[Event "Napoli Natale al Vomero 2nd"]
[Site "Napoli"]
[Date "2005.11.10"]
[Round "2"]
[White "Della Corte, Alessandro"]
[Black "Primicino, Corrado"]
[Result "1-0"]
[WhiteElo "2170"]
[BlackElo "1802"]
[PlyCount "77"]
[EventDate "2005.11.03"]
[EventType "swiss"]
[EventRounds "6"]
[EventCountry "ITA"]
[SourceTitle "EXT 2018"]
[Source "ChessBase"]
[SourceDate "2017.10.13"]
[SourceVersion "1"]
[SourceVersionDate "2017.10.13"]
[SourceQuality "1"]

1. e4 e6 2. d4 d5 3. e5 c5 4. c3 Nc6 5. Nf3 Bd7 6. Be2 Nge7 7. Na3 Ng6 8. Nc2 Be7 9. 0-0 0-0 10. b4 cxb4 11. cxb4 Nxb4 12. Nxb4 Bxb4 13. Rb1 Be7 14. Rxb7 Bc6 15. Rb1 Qa5 16. Bd2 Qxa2 17. Bc3 Rfb8 18. Ra1 Qb3 19. Qd2 Qb7 20. g3 Bb5 21. Rfb1 Qd7 22. Bd1 a6 23. h4 f5 24. exf6 Bxf6 25. Bc2 Qf7 26. Rc1 Rb6 27. h5 Nf8 28. Kg2 Qxh5 29. Rh1 Qf7 30. Qf4 Rc6 31. Bxh7+ Nxh7 32. Rxh7 Kxh7 33. Ng5+ Kg8 34. Nxf7 Kxf7 35. Bb4 Bd3 36. Rc1 Rac8 37. Rxc6 Rxc6 38. g4 g5 39. Qb8 1-0

[Event "Napoli Settembre al Vomero 2nd"]
[Site "Napoli"]
[Date "2005.09.29"]
[Round "3"]
[White "Di Giulio, Massimo"]
[Black "Primicino, Corrado"]
[Result "1/2-1/2"]
[WhiteElo "2033"]
[BlackElo "1802"]
[PlyCount "85"]
[EventDate "2005.09.15"]
[EventType "swiss"]
[EventRounds "7"]
[EventCountry "ITA"]
[SourceTitle "EXT 2018"]
[Source "ChessBase"]
[SourceDate "2017.10.13"]
[SourceVersion "1"]
[SourceVersionDate "2017.10.13"]
[SourceQuality "1"]

1. b3 b6 2. Bb2 Bb7 3. Nf3 e6 4. e3 Nf6 5. g3 Be7 6. Bg2 0-0 7. 0-0 d6 8. d4 Nbd7 9. c4 c5 10. dxc5 dxc5 11. Nc3 a6 12. Qc2 Qc7 13. Rad1 Rfd8 14. Rd2 Nf8 15. Rfd1 Rxd2 16. Rxd2 Rd8 17. Rxd8 Qxd8 18. Qd2 Qxd2 19. Nxd2 Bxg2 20. Kxg2 N6d7 21. Na4 Ng6 22. f4 Bd8 23. e4 f6 24. Nf3 Bc7 25. f5 exf5 26. exf5 Ne7 27. g4 Kf7 28. h3 Nc6 29. Kf2 Nb4 30. Ke3 Nxa2 31. Ke4 b5 32. cxb5 axb5 33. Nc3 Nxc3+ 34. Bxc3 Nb6 35. Ba5 Ke7 36. Bxb6 Bxb6 37. Kd5 Kd7 38. Ne1 c4 39. bxc4 bxc4 40. Kxc4 Kd6 41. Nd3 Be3 42. Ne1 Ke5 43. Kd3 1/2-1/2